000 00489nam a2200181Ia 4500
005 20230406104016.0
008 131103s9999 xx 000 0 und d
020 _a862731623
040 _aLoreto College
041 _aEnglish
082 _a823.08
_bGRE
245 _aGreat horror film stories
260 _aLondon
_bOctopus Books
_c1984
300 _a648 p.
504 _aThe Omen/David Seltzer.-Rosemary's baby/Ira Levin.-'Salem's lot/Stephen King
850 _aLCLIB
942 _cBK
999 _c4730
_d55209